000 00677nam a2200229 a 4500
001 52214
003 BD-RjUL
005 20211209075753.0
008 160906s1951 enk||||| |||| 00| 0 eng d
035 _a(BD-RjUL)52334
040 _aBD-RjUL
_beng
_cBD-RjUL
_dBD-RjUL
041 _aeng
082 _223
_a531.32
_bMCT 1951
100 1 0 _aMcLachlan, N W
_9152979
245 1 0 _aTheory of vibrations /
_cN W McLachlan
260 _aNew York ;
_bDover Publications,
_c1951
300 _avi, 154 p. :
_bill. ;
_c18 cm.
490 _aDover series in mathematics and physics.
650 _aVibration.
_9156194
856 _3Dover series in mathematics and physics.
942 _2ddc
_cBK
999 _c52214
_d52214